Normal view
MARC view
- Armenta Beltrán, Margarita
Entry Nombre Personal
001 - NUMERO DE CONTROL
- campo de control: 46707
003 - IDENTIFICADOR DE NUMERO DE CONTROL
- campo de control: UPN
005 - FECHA Y HORA DE LA ÜLTIMA TRANSACCIÓN
- campo de control: 20220923125140.0
008 - DATOS DE LONGITUD FIJA
- campo de control de longitud fija: 220923|| acn||aabn | a|a d
024 7# - OTROS IDENTIFICADORES NORMALIZADOS
- Fuente: orcid
- Número normalizado o código: 0000-0001-7237-1423
040 ## - FUENTE DE CATALOGACIÓN
- Agencia original de catalogación: MX-MxUPN
100 ## - ENCABEZAMIENTO - NOMBRE PERSONAL
- Nombre personal: Armenta Beltrán, Margarita
370 ## - LUGAR ASOCIADO
- Associated country: México
371 ## - DIRECCIÓN
- Electronic mail address: maggy@uas.edu.mx
372 ## - CAMPO DE ACTIVIDAD
- Field of activity: Ciencias de la educación. Formación docente
- Field of activity: Educación de migrantes
373 ## - GRUPO ASOCIADO
- Associated group: Universidad Autónoma de Sinaloa. Facultad de Ciencias de la Educación
- Associated group: Universidad Pedagógica Nacional del Estado de Chihuahua
374 ## - OCUPACIÓN
- Occupation: Profesora - investigadora universitaria
670 ## - FUENTE EN LA QUE SE LOCALIZARON DATOS
- Cita de la fuente: En sitio web: red educacional
- Información localizada: (Margarita Armenta Beltrán)
- Uniform Resource Identifier: http://rededucacionrural.mx/nosotros/miembros/miembro/margarita-armenta-beltran/
902 ## - CATALOGADOR
- Catalogador: BLSM/230922
